[Event "Chigorin Mem. Russian Cup 2017"]
[Site "St. Petersburg"]
[Date "2017.10.21"]
[Round "1"]
[White "Artemiev, Vladislav"]
[Black "Mkrtchyan, Sargis R"]
[Result "1-0"]
[WhiteElo "2696"]
[BlackElo "2145"]
[Annotator "TA"]
[PlyCount "75"]
[EventDate "2017.??.??"]
[EventType "swiss"]
[EventCountry "RUS"]
[SourceTitle "playchess.com"]
[Source "ChessBase"]
[SourceQuality "1"]

{[%evp 18,75,20,14,24,18,25,24,62,62,62,64,129,37,49,30,25,22,113,108,108,97,91,102,96,99,94,104,135,131,227,230,295,295,295,288,295,295,293,293,278,286,362,300,297,303,317,282,391,397,387,387,381,375,414,398,388,329,347,310]} 1. Nf3 Nf6 2. c4 g6 3. b3 Bg7 4. Bb2 c5 5. g3 b6 6. Bg2 Bb7 7. O-O O-O 8. e3 e6 9. d4 d6 10. Nc3 {LiveBook: 5 Games} a6 {A30: Symmetrical English: Double Fianchetto and Hedgehog} 11. Qe2 Ne4 12. Rad1 $146 (12. Nxe4 {looks sharper.} Bxe4 13. Rfd1 Qe7 14. h4 Nd7 15. Rac1) ({Predecessor:} 12. Nxe4 Bxe4 13. Rfd1 Qc7 14. Bf1 Qb7 15. Ng5 Bc6 16. d5 exd5 17. Bxg7 Kxg7 18. Qb2+ {1-0 (63) Martinovic,S (2440)-Milutinovic,D (2108) Belgrade 2006}) 12... Qc7 {White has an edge.} 13. Nxe4 Bxe4 14. dxc5 Bxb2 (14... bxc5 $14 15. Bxg7 Kxg7) 15. Qxb2 (15. cxd6 $16 Qc6 16. Qxb2 Bxf3 {[#]} 17. d7 $1 {[%mdl 512]} Nxd7 18. Bxf3 Qxf3 19. Rxd7) 15... bxc5 $14 16. Ng5 Bxg2 17. Kxg2 {[#] Hoping for Ne4.} Qc6+ (17... Qe7 $11 {keeps the balance.}) 18. f3 $16 {And now Ne4 would win.} d5 19. cxd5 $40 {[%mdl 128] White attacks with force.} exd5 20. Qe5 h6 21. Nh3 Re8 22. Qxd5 Rxe3 23. Qd2 Re8 (23... Qe8 $16 {might work better.} 24. Rfe1 Rxe1 25. Rxe1 Qf8) 24. Nf2 $18 h5 25. Ne4 Rxe4 26. fxe4 Qxe4+ 27. Kg1 {aiming for Qd8+.} Nc6 28. Qd5 Qxd5 29. Rxd5 {[%mdl 4096] Endgame KRR-KRN} Nb4 30. Rd7 Rf8 31. Rf2 Nc6 32. Rd5 Nb4 33. Rd6 Rc8 34. Rd7 Rf8 35. Rfd2 Nc6 36. R2d6 Rc8 37. Rd5 Re8 38. R7d6 {Precision: White = 79%, Black = 47%.} 1-0

[Event "Chigorin Mem. Russian Cup 2017"]
[Site "St. Petersburg"]
[Date "2017.10.21"]
[Round "1"]
[White "Volkov, Sergey"]
[Black "Golikov, Daniil"]
[Result "1-0"]
[WhiteElo "2638"]
[BlackElo "2138"]
[Annotator "TA"]
[PlyCount "55"]
[EventDate "2017.??.??"]
[EventType "swiss"]
[EventCountry "RUS"]
[SourceTitle "playchess.com"]
[Source "ChessBase"]
[SourceQuality "1"]

{[%evp 16,55,7,0,16,0,24,22,22,23,14,12,10,16,16,14,24,9,43,30,24,23,35,0,-14,-12,11,0,6,0,0,0,0,-4,0,-42,237,235,212,191,207,227]} 1. d4 Nf6 2. c4 e6 3. Nf3 Bb4+ 4. Nbd2 O-O 5. a3 Be7 6. g3 b6 7. Bg2 Bb7 8. O-O c5 9. b3 {LiveBook: 25 Games. E16: Queen's Indian: 4 g3 Bb7 5 Bg2 Bb4+} (9. e3 cxd4 10. exd4 d5 11. b3 Nc6 12. Bb2 Rc8 13. Rc1 dxc4 14. bxc4 Na5 15. Re1 Rc7 16. Qe2 Qc8 {½-½ (72) Dreev,A (2660)-Predojevic,B (2640) Sibenik 2016}) 9... Nc6 10. Bb2 Qc7 11. e3 $146 {White has an edge.} ({Predecessor:} 11. e4 cxd4 12. Nxd4 Nxd4 13. Bxd4 d5 14. cxd5 exd5 15. e5 Ne4 16. Rc1 Qd7 17. Nb1 Nc5 18. b4 Ne6 19. Re1 Rac8 20. Bb2 Rxc1 21. Bxc1 d4 22. Bxb7 Qxb7 23. Bd2 Rd8 {½-½ (23) Umanskaya,I (2313)-Benderac,A (2230) Warsaw 2001}) 11... Rac8 12. Rc1 Rfd8 13. Qe2 d6 14. Rfd1 h6 15. h3 a6 16. Rc2 Kh8 17. Rdc1 Kg8 18. Ne1 Nb8 19. e4 cxd4 20. Bxd4 Nbd7 21. f4 e5 22. Bf2 exf4 23. gxf4 Re8 24. b4 Bf8 25. Rc3 Nxe4 $2 {[%mdl 8192] [#]} (25... a5 $15 {stays ahead.}) 26. Nxe4 $18 {White is clearly better.} f5 27. c5 bxc5 28. Qa2+ {Precision: White = 62%, Black = 51%.} 1-0

[Event "Chigorin Mem. Russian Cup 2017"]
[Site "St. Petersburg"]
[Date "2017.10.21"]
[Round "1"]
[White "Alekseev, Evgeny"]
[Black "Kamnev, Alexander"]
[Result "1-0"]
[WhiteElo "2622"]
[BlackElo "2132"]
[Annotator "TA"]
[PlyCount "55"]
[EventDate "2017.??.??"]
[EventType "swiss"]
[EventCountry "RUS"]
[SourceTitle "playchess.com"]
[Source "ChessBase"]
[SourceQuality "1"]

{[%evp 11,55,0,13,12,8,0,22,0,32,14,52,20,23,22,60,75,54,56,75,71,75,67,69,68,82,83,75,72,85,76,89,88,100,100,93,99,115,112,114,110,130,134,200,199,514,508]} 1. d4 d5 2. Bf4 Nf6 3. e3 e6 4. Nd2 c5 5. c3 Nc6 6. Ngf3 h6 7. Bd3 {D02: 1 d4 d5 2 Nf3 sidelines, including 2...Nf6 3 g3 and 2...Nf6 3 Bf4} (7. Ne5 a6 8. Bd3 Bd6 9. Bg3 Qc7 10. Nxc6 Qxc6 11. O-O b6 12. Qf3 Bb7 13. Bxd6 Qxd6 14. Qg3 Qxg3 15. hxg3 {½-½ (53) Nguyen,N (2629)-Nakamura,H (2779) Doha 2016}) 7... Bd6 8. Bg3 (8. O-O {seems wilder.} O-O 9. dxc5 Bxc5 10. Re1 Re8 11. Bg3) 8... Bxg3 9. hxg3 {The position is equal.} Qd6 10. Qe2 Bd7 11. Rd1 O-O-O $146 ({Predecessor:} 11... O-O 12. dxc5 Qxc5 13. e4 Ng4 14. Nb3 Qb6 15. O-O dxe4 16. Qxe4 Nf6 17. Qh4 {½-½ (46) Sandipan,C (2572)-Aguero Jimenez,L (2388) Castell de Sant Ferran 2016}) 12. e4 {[#] Black must now prevent e5.} dxe4 13. Nxe4 Nxe4 14. Bxe4 cxd4 15. Nxd4 Qe5 16. O-O Kb8 17. Qf3 {[%cal Re4c6]} Nxd4 18. cxd4 Qf6 19. Bxb7 {Strongly threatening Qb3.} Qxf3 20. Bxf3 Bb5 21. Rfe1 Bc4 22. Re5 Rd6 23. b3 Ba6 24. d5 Rhd8 25. Rd4 Bb7 {[%cal Rb7d5]} 26. Rf4 f6 (26... exd5 $16 {might work better.} 27. Rxf7 R6d7) 27. Rxe6 $18 Bxd5 $2 {[#]} (27... h5 {is a better chance.} 28. Rb4 (28. Bxh5 Rxd5 29. Bf3 Rc5 $18) 28... Kc7 29. Bxh5 Bxd5 30. Re7+ R8d7) 28. Rxd6 $1 {Precision: White = 79%, Black = 46%.} 1-0

[Event "Chigorin Mem. Russian Cup 2017"]
[Site "St. Petersburg"]
[Date "2017.10.21"]
[Round "1"]
[White "Gordievsky, Dmitry"]
[Black "Eryshkanova, Anastasiya"]
[Result "1-0"]
[WhiteElo "2605"]
[BlackElo "2127"]
[Annotator "TA"]
[PlyCount "75"]
[EventDate "2017.??.??"]
[EventType "swiss"]
[EventCountry "RUS"]
[SourceTitle "playchess.com"]
[Source "ChessBase"]
[SourceQuality "1"]

{[%evp 19,75,102,93,84,107,76,81,70,102,105,125,127,150,140,170,197,187,185,192,185,171,135,112,113,106,81,75,73,74,79,83,83,80,93,85,85,99,93,93,90,98,99,87,89,227,227,217,227,320,304,274,230,325,318,568,578,514,514]} 1. Nf3 e6 2. c4 c5 3. g3 Nf6 4. Bg2 Nc6 5. O-O Be7 6. d4 cxd4 7. Nxd4 O-O 8. Nc3 Nxd4 9. Qxd4 d6 {A33: Symmetrical English: 2 Nf3 Nf6 3 d4 cxd4 4 Nxd4 e6 5 Nc3 Nc6} 10. Rd1 (10. b3 a6 11. Bb2 {½-½ (11) Jaracz,P (2505)-Butkiewicz,L (2436) Pardubice 2015}) 10... a6 {LiveBook: 7 Games} 11. Be3 Qa5 {White is better.} 12. Qd2 $146 {And now Nd5 would win.} ({Predecessor:} 12. Bf3 e5 13. Qb6 Qxb6 14. Bxb6 Be6 15. b3 Ne8 16. Rd2 Rc8 17. Rad1 {1-0 (38) Wilen,E-Kyburz,P Espoo 2003}) 12... Qc7 13. Rac1 Bd7 14. Bf4 e5 15. Bg5 Be6 16. Bxf6 $1 gxf6 17. Qh6 f5 18. Qh5 Kh8 19. Nd5 Qd8 20. Bh3 Bg5 21. e3 Rg8 22. Kh1 f4 23. exf4 exf4 24. Rc3 Rg6 {[#] White must now prevent ...Rh6.} 25. Bxe6 fxe6 26. Nxf4 Bxf4 27. gxf4 Qf6 {[#]} 28. Rg3 $1 {[%cal Rg3g6] Hoping for Rxg6.} ({Reject} 28. Rxd6 $6 Qxf4 29. Qd1 Qxf2 $11) 28... Rag8 29. Rxd6 {aiming for Qe5.} Qxf4 30. Rd7 {[%csl Gh5][%cal Rd7h7]} Qe4+ 31. Kg1 $1 {[%csl Gh5][%cal Rd7h7]} Rxg3+ (31... Rf6 $16 32. Qd1 b5) 32. hxg3 $16 {[%mdl 4096] Endgame KQR-KQR} Rf8 {( -> ...Qe1+)} 33. Qd1 $40 {[%mdl 128] Black is in trouble.} Qf5 (33... e5 {might work better.} 34. Rc7 Kg8) 34. Qe2 $18 b5 35. cxb5 axb5 (35... Qxb5 $142 36. Qd2 Qf5) 36. Rb7 e5 $2 (36... Qd5) 37. Rxb5 Re8 38. a4 {Precision: White = 80%, Black = 54%.} 1-0

[Event "Chigorin Mem. Russian Cup 2017"]
[Site "St. Petersburg"]
[Date "2017.10.21"]
[Round "1"]
[White "Kobalia, Mikhail"]
[Black "Zaykov, Sergey"]
[Result "1-0"]
[WhiteElo "2596"]
[BlackElo "2125"]
[Annotator "TA"]
[PlyCount "55"]
[EventDate "2017.??.??"]
[EventType "swiss"]
[EventCountry "RUS"]
[SourceTitle "playchess.com"]
[Source "ChessBase"]
[SourceQuality "1"]

{[%evp 11,54,40,39,39,33,35,53,21,33,31,31,26,53,20,59,50,54,47,59,61,62,43,47,41,104,91,249,244,237,212,313,300,322,317,297,305,403,391,1166,1165,1141,1136,2054,1923,29999]} 1. e4 e5 2. Bc4 Nf6 3. d3 Nc6 4. Nf3 Be7 5. O-O d6 6. a4 Be6 {LiveBook: 4 Partien. C55: Zweispringerspiel} 7. Bxe6 fxe6 8. c3 Qd7 {Weiß steht etwas besser.} 9. Qb3 $146 ({Vorgänger:} 9. b4 O-O 10. Re1 a6 11. Na3 b5 12. Bd2 Nh5 13. c4 bxc4 14. dxc4 {½-½ (36) Kryvoruchko,Y (2691)-Thorfinnsson,B (2410) Gjakova 2016}) 9... Nd8 10. Re1 O-O 11. Nbd2 Kh8 12. Nf1 Nh5 13. d4 exd4 14. cxd4 c6 15. a5 a6 16. N1d2 {[%cal Bf1d2,Bd2f3,Bf3e5][%mdl 32]} d5 17. Ne5 Qc7 (17... Qe8 $14) 18. Ndf3 $36 {[%mdl 2048] Weiss hat starke Initiative.} Nf7 $2 {[#]} (18... Bd6 $16) 19. Nxf7+ $18 Rxf7 20. Ne5 Rff8 (20... Raf8 $142 21. Nxf7+ Rxf7) 21. Qh3 $1 {[%csl LRe6,LRh5]} Bb4 22. Re2 g6 23. g4 {[%cal Bg2g4,Bg4h5,Bh5g6][%mdl 32]} ({Weniger gut wäre} 23. Qxe6 Rae8 $16) 23... dxe4 24. gxh5 c5 $2 {[#]} (24... gxh5 25. Rxe4 Rf5) 25. hxg6 cxd4 26. Rxe4 Rad8 27. Bg5 Be7 28. Qxh7# {Precision: Weiß = 67%, Schwarz = 16%.} 1-0

[Event "Chigorin Mem. Russian Cup 2017"]
[Site "St. Petersburg"]
[Date "2017.10.21"]
[Round "1"]
[White "Sengupta, Deep"]
[Black "Guliev, Gasan"]
[Result "1/2-1/2"]
[WhiteElo "2587"]
[BlackElo "2123"]
[Annotator "TA"]
[PlyCount "24"]
[EventDate "2017.??.??"]
[EventType "swiss"]
[EventCountry "RUS"]
[SourceTitle "playchess.com"]
[Source "ChessBase"]
[SourceQuality "1"]

{[%evp 16,17,16,20]} 1. e4 e5 2. Nf3 Nc6 3. Bb5 Nf6 4. d3 Bc5 5. Bxc6 dxc6 6. Nbd2 {C65: Ruy Lopez: Berlin Defence (3...Nf6), unusual lines and 4 0-0 Bc5} O-O 7. Nc4 Nd7 8. Be3 Bd6 9. O-O {LiveBook: 18 Games} {Predecessor:} Re8 $146 10. Nfd2 Nf8 11. Qh5 Be6 12. h3 Ng6 {0-1 (47) Caruana,F (2803)-Jakovenko,D (2738) Khanty-Mansiysk 2015} 1/2-1/2

[Event "Chigorin Mem. Russian Cup 2017"]
[Site "St. Petersburg"]
[Date "2017.10.21"]
[Round "1"]
[White "Sengupta, Deep"]
[Black "Guliev, Gasan"]
[Result "0-1"]
[WhiteElo "2587"]
[BlackElo "2123"]
[Annotator "TA"]
[PlyCount "96"]
[EventDate "2017.??.??"]
[EventType "swiss"]
[EventCountry "RUS"]

{[%evp 19,96,17,21,21,20,2,7,2,4,7,10,0,0,0,27,30,30,29,32,32,48,33,32,37,44,42,54,45,99,107,153,94,97,56,112,40,67,39,37,31,26,23,39,25,92,90,88,101,120,115,114,0,10,0,0,-38,-26,-148,0,0,0,0,0,0,0,0,0,-8,-22,-2330,-2329,-2213,-2212,-2208,-2087,-1988,-1851,-5114,-5114]} 1. e4 e5 2. Nf3 Nc6 3. Bb5 Nf6 4. d3 Bc5 5. Bxc6 dxc6 6. Nbd2 {C65: Ruy Lopez: Berlin Defence (3...Nf6), unusual lines and 4 0-0 Bc5} O-O 7. Nc4 Nd7 8. Be3 Bd6 9. O-O c5 10. a4 Re8 {LiveBook: 4 Games} 11. Nfd2 Nf8 12. f4 exf4 13. Bxf4 Bxf4 14. Rxf4 {[#]} Ng6 $146 15. Rf2 Be6 16. Qh5 Bxc4 17. Nxc4 Qd4 18. Re1 {[%cal Ba1e1,Be1e3,Be3h3,Bh3f3,Bf3g3][%mdl 32]} Rad8 19. Re3 b6 20. Rh3 h6 21. Rhf3 Re7 22. b3 a6 23. Ne3 Re5 (23... Re6 $1 $14) 24. Nf5 $16 Qa1+ 25. Rf1 Qb2 26. Rg3 Re6 (26... Kh7 $14) 27. Qe2 ({White should play} 27. h4 $1 $16) 27... Kh7 28. Kh1 Rg8 29. Ne3 Rf6 30. Rgf3 Rxf3 31. Qxf3 f6 (31... b5 $11) 32. Qf5 Qe5 33. Nd5 b5 34. axb5 axb5 35. Qd7 (35. Qxe5 $1 $16 Nxe5 36. Nxc7) 35... Ra8 $11 36. c3 ({Much worse is} 36. Qxb5 Ra1 $17) 36... Nf4 37. Qxc7 Nxd3 {And now ...Qxc7 would win.} 38. Qb7 {[#]} (38. Qxe5 $11 Nxe5 39. h3) 38... Nf2+ $40 {[%mdl 128] Black has some attack.} (38... Ra2 $1 $17 39. Qf7 Nf2+ 40. Kg1 Ng4) 39. Kg1 Ng4 {[%csl Gg4][%cal Re5h2] [#]} 40. Nxf6+ $1 {[%mdl 512]} Nxf6 41. Qxa8 {[%mdl 4096] Endgame Qc8 is the strong threat. KQR-KQN} Ng4 {[%csl Gg4][%cal Re5h2]} 42. g3 {Threatens to win with Qd5.} Qxc3 {( -> ...Qe3+)} 43. e5 {Strongly threatening Qe4+.} Qe3+ 44. Kh1 $2 {[%mdl 8192] [#]} (44. Kg2 $11 Qe2+ 45. Kh3) 44... Qe2 $1 $19 {[%cal Re2f1] Black is clearly winning.} 45. Qg2 Qxg2+ 46. Kxg2 Ne3+ 47. Kf2 Nxf1 48. Kxf1 Kg6 {Precision: White = 39%, Black = 63%.} 0-1

[Event "Chigorin Mem. Russian Cup 2017"]
[Site "St. Petersburg"]
[Date "2017.10.21"]
[Round "1"]
[White "Ufimtsev, Egor"]
[Black "Sjugirov, Sanan"]
[Result "0-1"]
[WhiteElo "2143"]
[BlackElo "2650"]
[Annotator "TA"]
[PlyCount "90"]
[EventDate "2017.??.??"]
[EventType "swiss"]
[EventCountry "RUS"]
[SourceTitle "playchess.com"]
[Source "ChessBase"]
[SourceQuality "1"]

{[%evp 15,90,43,77,67,69,32,25,29,27,8,8,2,20,0,15,14,0,0,0,-3,-2,-7,0,-15,0,0,3,0,0,0,0,0,0,0,0,0,0,0,4,0,0,0,0,0,0,0,0,0,39,0,0,0,0,0,0,0,0,-68,-81,-248,-188,-785,-781,-728,-722,-683,-621,-621,-597,-579,-596,-576,-403,-567,-516,-641,-639]} 1. Nf3 Nf6 2. c4 e6 3. g3 d5 4. Bg2 dxc4 5. Qa4+ Nbd7 6. Qxc4 a6 7. Qc2 Rb8 8. O-O {A13: English Opening: 1...e6} b6 {[#] LiveBook: 6 Games} 9. Nd4 $1 {[%cal Rd4c6] Nc6 is the strong threat.} (9. d3 Bb7 10. Nbd2 c5 11. a4 Be7 12. Nc4 O-O 13. Bf4 Rc8 14. e4 Ne8 15. Rfd1 Bf6 {1-0 (35) Meier,G (2648)-Shulman,Y (2608) Lubbock 2011}) 9... Ne5 10. Nc6 {White is slightly better.} (10. Nb3 {with more complications.} Bb7 11. Bxb7 Rxb7 12. d4 Ned7 13. Nc3) 10... Nxc6 11. Bxc6+ Bd7 12. Bg2 $146 ({Predecessor:} 12. d4 Bxc6 13. Qxc6+ Qd7 14. Qxd7+ Kxd7 15. Nc3 h5 {1-0 (42) Stojanovic,A (2293)-Videnova,I (2353) Valjevo 2011}) 12... c5 13. d3 Bd6 14. Nc3 h6 15. b3 O-O 16. Bb2 e5 17. Ne4 Nxe4 18. Bxe4 Be6 19. Bg2 f5 20. e3 Qd7 21. Rfe1 b5 22. Rad1 Qf7 23. f4 exf4 24. exf4 Rfd8 25. d4 cxd4 26. Bxd4 Bb4 27. Re5 Rd6 {[#] Strongly threatening ...Rbd8.} 28. Bc5 Bxc5+ 29. Rxc5 Rbd8 30. Rxd6 Rxd6 31. Rc6 Rd8 32. Qe2 Qa7+ 33. Kh1 Bf7 34. Rc1 Qd4 35. Bf3 Re8 36. Qg2 (36. Qc2 $1 $11) 36... Re3 $15 37. Bc6 $2 (37. Rf1 $17) 37... Rd3 {aiming for ...Rd2.} 38. h4 $2 (38. Qc2) 38... Rd2 $19 39. Qf3 Rxa2 40. Rg1 Rf2 41. Qd1 Rd2 42. Qf3 Qb2 {[%csl Gb2][%cal Rd2h2]} 43. Re1 Rh2+ 44. Kg1 Rc2 45. Rd1 {and the idea Bd5 leaves White hopeful.} Rc3 {Precision: White = 58%, Black = 81%.} 0-1

[Event "Chigorin Mem. Russian Cup 2017"]
[Site "St. Petersburg"]
[Date "2017.10.21"]
[Round "1"]
[White "Ivanov, Platon-Jaan"]
[Black "Sethuraman, S P"]
[Result "0-1"]
[WhiteElo "2134"]
[BlackElo "2632"]
[Annotator "TA"]
[PlyCount "124"]
[EventDate "2017.??.??"]
[EventType "swiss"]
[EventCountry "RUS"]
[SourceTitle "playchess.com"]
[Source "ChessBase"]
[SourceQuality "1"]

{[%evp 11,124,17,41,14,20,16,13,11,44,27,22,10,47,50,54,50,47,43,93,41,54,54,66,34,69,66,71,71,77,68,77,68,98,107,96,81,98,57,70,-10,-8,-30,18,0,0,-176,-175,-183,-187,-184,-183,-367,-122,-114,-127,-122,-129,-120,-129,-132,-114,-121,-116,-106,-106,-158,-147,-168,-177,-239,-237,-224,-227,-312,-301,-334,-316,-335,-62,-70,-64,-334,-350,-323,-8,-15,0,-291,-124,-107,-93,-262,-247,-287,-277,-281,0,-261,-255,-325,-317,-427,-419,-527,-515,-492,-428,-29985,-29986,-29988,-29989,-29989,-29990,-29974,-29975]} 1. d4 Nf6 2. c4 e6 3. g3 d5 4. Nf3 Bb4+ 5. Bd2 (5. Nbd2 dxc4 6. Bg2 b5 7. O-O a5 8. a4 c6 9. Ne1 Nd5 10. e4 Nb6 11. Nc2 bxa4 12. e5 Be7 13. Qg4 g6 14. Ne4 {0-1 (43) Rodshtein,M (2695)-Fedoseev,V (2731) Tbilisi 2017}) 5... Bd6 6. Nc3 {E01: Katalanisch} c6 {LiveBook: 34 Partien} 7. Bg5 h6 8. Bxf6 {Die Stellung ist ausgeglichen.} Qxf6 9. a3 $146 ({Vorgänger:} 9. Qb3 O-O 10. Rd1 Nd7 11. Bg2 Qd8 12. O-O Nf6 {0-1 (44) Fus,J (2127)-Kucza,K (2320) Polanica Zdroj 2017}) 9... Qg6 10. Bg2 O-O 11. e4 {[%cal Rc4d5]} dxe4 12. Nh4 Qh7 {Droht ...g5 und aus.} 13. Bxe4 f5 14. Bc2 Na6 15. O-O ({Besser ist} 15. Qh5 $16) 15... Bd7 16. Re1 Rad8 17. b4 Bc8 18. Qh5 Rf6 19. Rad1 g5 20. Nf3 Qg7 21. c5 Be7 22. Ne5 Nc7 23. Qe2 h5 24. h3 ({Nicht} 24. Qxh5 g4 $17) 24... h4 25. Qf3 (25. g4 $1 $14) 25... hxg3 $1 $11 26. fxg3 Rff8 27. Kg2 Bf6 28. Na4 $2 (28. Qh5 $11 {und Weiss ist OK.}) 28... Nb5 $1 $19 {[%cal Rb5d4]} 29. Qe3 f4 30. Qe4 fxg3 ({Bloß nicht} 30... Nxa3 31. Bd3 $17) 31. Kxg3 $2 {[#]} (31. Ng6) 31... Rxd4 $2 (31... Nxd4 $1 $19 {[%mdl 512] und Schwarz behält klar die Oberhand.} 32. Ng4 (32. Rxd4 Bxe5+) 32... e5 $1 {[%mdl 512]}) 32. Rxd4 $17 Bxe5+ $1 33. Qxe5 Nxd4 34. Qxg7+ Kxg7 35. Be4 Rd8 36. Nb2 Nf5+ 37. Kf3 Kf6 38. Nc4 (38. Nd3 $142) 38... Rd4 39. Rc1 e5 40. Bxf5 (40. Na5 $142) 40... Bxf5 $19 {[%mdl 4096] Endspiel KTL-KTS} 41. Nd6 Bxh3 42. Nxb7 Rd3+ 43. Kf2 Rxa3 44. Na5 Bd7 $2 (44... g4 $19 {Weiss muss nun ...Ta2+ beachten.} 45. Rg1 Kf5) 45. Rd1 $15 Bg4 46. Re1 $2 {[%mdl 8192]} ({Der einzige Zug:} 46. Rd6+ $15 Kf5 47. Nxc6) 46... Rf3+ $19 47. Kg1 {[#]} Rg3+ $2 (47... Bd7 $2 48. Rd1 $17) (47... Rh3 $1 $19 {...Lf3 ist eine echte Drohung.} 48. Nxc6 Bf3) 48. Kf2 $11 Rf3+ $2 {[%mdl 8192]} (48... Rc3 $11 49. Nxc6 Rc2+ 50. Kg3 Bf5) 49. Kg1 $1 $19 {[#]} Bd7 (49... Rh3 $1 $19 {Und weiter mit ...Lf3 wäre nett.} 50. Nxc6 Bf3) 50. Rd1 $17 Ke7 {zielt auf ...Tf4 ab.} 51. Rd6 $2 (51. Nc4 $17 {einziger Zug.} e4 52. Ne5) 51... Rf6 $19 52. Rd3 Rf4 53. Rd6 Rf6 54. Rd3 $1 e4 {[%cal Be5e4,Be4e3,Be3e2][%mdl 32]} 55. Re3 Rf4 56. Nc4 Kf6 57. Ra3 Be6 58. Nd6 Ke5 59. Rxa7 (59. b5 $19 Kd5 60. Rc3) 59... e3 {Schwarz setzt Matt.} 60. Ra3 Kd4 61. b5 e2 62. Ra1 Kxc5 {Precision: Weiß = 32%, Schwarz = 44%.} 0-1

[Event "Chigorin Mem. Russian Cup 2017"]
[Site "St. Petersburg"]
[Date "2017.10.21"]
[Round "1"]
[White "Krasovskiy, Sviatoslav"]
[Black "Kokarev, Dmitry"]
[Result "0-1"]
[WhiteElo "2128"]
[BlackElo "2622"]
[Annotator "TA"]
[PlyCount "66"]
[EventDate "2017.??.??"]
[EventType "swiss"]
[EventCountry "RUS"]
[SourceTitle "playchess.com"]
[Source "ChessBase"]
[SourceQuality "1"]

{[%evp 15,66,-24,-11,-11,-15,15,-4,-30,-33,-39,-39,-39,-39,-39,-38,-40,-35,-37,-41,-12,-25,-24,-26,-52,-16,-30,0,0,0,0,0,0,0,-18,-16,-107,-99,-270,-274,-428,-416,-797,-797,-2010,-1972,-1961,-1959,-29993,-29994,-29994,-29994,-29994,-29994]} 1. c4 g6 2. Nc3 Bg7 3. g3 c5 4. Bg2 Nc6 5. Nf3 e6 6. O-O Nge7 7. d3 O-O 8. Be3 b6 {LiveBook: 10 Games. A37: Symmetrical English vs ...g6: 4 Bg2 Bg7 5 Nf3} (8... d6 9. Qc1 Nf5 10. Bg5 Qb6 11. Rb1 h6 12. Bf4 g5 13. Bd2 Bd7 14. a3 a5 15. Qd1 Qd8 16. Ne1 {0-1 (37) Moiseenko,A (2653)-Gashimov,V (2586) Mallorca 2004}) 9. d4 d6 $146 ({Predecessor:} 9... Nf5 10. Bg5 f6 11. d5 Na5 12. Bc1 Nxc4 13. dxe6 dxe6 14. Ne5 Nxe5 15. Bxa8 Ba6 16. Bg2 {½-½ (39) Nechepurenko,R (2510)-Yaksin,O (2231) Dubna 2007}) 10. dxc5 dxc5 {The position is equal.} 11. Rc1 Bb7 12. Qa4 Nf5 13. Rfd1 Qc8 14. Bf4 Ncd4 15. Nxd4 $1 Nxd4 16. Be3 Bxg2 17. Kxg2 Qb7+ 18. f3 Rad8 19. Kf2 a6 {...b5 is the strong threat.} 20. Rd2 Nf5 21. Rxd8 Rxd8 22. Rd1 Bd4 23. Bxd4 cxd4 24. Rd3 e5 $36 {[%mdl 2048] Black fights for an advantage.} 25. Ne4 (25. Nd5 $11) 25... Ne3 $17 26. g4 $2 {[#]} (26. Qb4 $17) 26... Nxg4+ $19 27. fxg4 (27. Ke1 {was called for.}) 27... Qxe4 28. Qxa6 {[%mdl 4096] Endgame KQR-KQR} (28. Qb3 $142 Qf4+ 29. Ke1) 28... Qf4+ 29. Rf3 Qxh2+ 30. Ke1 e4 {[%cal Be5e4,Be4d3][%mdl 32]} 31. Rf1 d3 {Black mates.} 32. exd3 exd3 {[%csl Gd3][%cal Rh2e2]} 33. Rf2 Qg1+ {Precision: White = 38%, Black = 76%.} 0-1